Most Valuable Footballers - Statistics

General Stats
  • This quiz has been taken 133 times
    110 since last reset
  • The average score is 18 of 33
Answer Stats
Value in € Nationality Club Footballer % Correct
180 m
FC Barcelona Lionel Messi
100%
180 m
Paris-Saint-Germain Neymar
95%
150 m
Paris-Saint-Germain Kylian Mbappé
90%
100 m
Juventus Cristiano Ronaldo
89%
150 m
Tottenham Hotspur Harry Kane
83%
150 m
Manchester City Kevin de Bruyne
83%
150 m
Liverpool FC Mohamed Salah
82%
120 m
Atlético de Madrid Antoine Griezmann
77%
120 m
Chelsea Eden Hazard
71%
85 m
FC Bayern München Robert Lewandowski
63%
100 m
Manchester United Romelu Lukaku
63%
110 m
Juventus Paulo Dybala
61%
75 m
Arsenal Pierre-Emerick Aubameyang
57%
80 m
Real Madrid Toni Kroos
56%
90 m
Manchester United Paul Pogba
55%
80 m
Tottenham Hotspur Christian Eriksen
53%
80 m
Manchester City Sergio Agüero
53%
80 m
FC Bayern München James Rodríguez
52%
120 m
FC Barcelona Philippe Coutinho
52%
100 m
Tottenham Hotspur Dele Alli
50%
80 m
Liverpool F.C. Roberto Firmino
43%
90 m
Manchester City Raheem Sterling
42%
90 m
Manchester City Leroy Sané
41%
80 m
Chelsea N'Golo Kanté
41%
90 m
S.S. Lazio Sergej Milinković-Savić
41%
90 m
Real Madrid Gareth Bale
38%
80 m
FC Barcelona Ousmane Dembélé
38%
80 m
Real Madrid Raphaël Varane
31%
75 m
Real Madrid Marco Asensio
30%
80 m
Manchester City Gabriel Jesus
28%
80 m
FC Barcelona Sergio Busquets
27%
75 m
Real Madrid Isco
26%
95 m
Inter Milan Mauro Icardi
22%
No matching quizzes found
Score Distribution
Percent of People with Each Score
Percentile by Number Answered
Your Score History
You have not taken this quiz since the last reset